Volksvermögen, Volkseinkommen und ihre Verteilung / (Record no. 23683)
[ view plain ]
| 000 -LEADER | |
|---|---|
| fixed length control field | 01010cam a22002651a 4500 |
| 001 - CONTROL NUMBER | |
| control field | g 01001220 |
| 003 - CONTROL NUMBER IDENTIFIER | |
| control field | DLC |
| 005 - DATE AND TIME OF LATEST TRANSACTION | |
| control field | 20260227111254.0 |
| 008 - FIXED-LENGTH DATA ELEMENTS--GENERAL INFORMATION | |
| fixed length control field | 850307s1887 gw b 000 0 ger |
| 010 ## - LIBRARY OF CONGRESS CONTROL NUMBER | |
| LC control number | g 01001220 |
| 035 ## - SYSTEM CONTROL NUMBER | |
| System control number | (OCoLC)11777335 |
| 040 ## - CATALOGING SOURCE | |
| Original cataloging agency | DLC |
| Transcribing agency | MeLB |
| Modifying agency | MeLB |
| -- | DLC |
| 042 ## - AUTHENTICATION CODE | |
| Authentication code | premarc |
| 050 00 - LIBRARY OF CONGRESS CALL NUMBER | |
| Classification number | HB41 |
| Item number | .S7 bd. 7, heft 1 |
| 100 1# - MAIN ENTRY--PERSONAL NAME | |
| Personal name | Losch, Hermann |
| Fuller form of name | (Hermann Julius), |
| Dates associated with a name | 1863-1935. |
| 245 10 - TITLE STATEMENT | |
| Title | Volksvermögen, Volkseinkommen und ihre Verteilung / |
| Statement of responsibility, etc. | von Hermann Losch. |
| 260 ## - PUBLICATION, DISTRIBUTION, ETC. | |
| Place of publication, distribution, etc. | Leipzig : |
| Name of publisher, distributor, etc. | Duncker & Humblot, |
| Date of publication, distribution, etc. | 1887. |
| 300 ## - PHYSICAL DESCRIPTION | |
| Extent | [6], 110, [2] p. ; |
| Dimensions | 22 cm. |
| 490 0# - SERIES STATEMENT | |
| Series statement | Staats- und socialwissenschaftliche Forschungen / hrsg. von Gustav Schmoller ; |
| Volume/sequential designation | 7. Bd., 1. Hft. |
| 500 ## - GENERAL NOTE | |
| General note | Publisher's advertisement: p. [1]-[2] at end. |
| 504 ## - BIBLIOGRAPHY, ETC. NOTE | |
| Bibliography, etc. note | Includes bibliographical references. |
| 500 ## - GENERAL NOTE | |
| General note | With: Das Kapital und seine Kulturbedeutung / Karl Umpfenbach. Würzburg : Stuber, 1879. Bound subsequent to publication. |
| Institution to which field applies | MeLB |
| 650 #0 - SUBJECT ADDED ENTRY--TOPICAL TERM | |
| Topical term or geographic name entry element | Income. |
| 650 #0 - SUBJECT ADDED ENTRY--TOPICAL TERM | |
| Topical term or geographic name entry element | Economics. |
No items available.